000 01305nam a2200361 i 4500
001 ELB189440
003 FINmELB
005 20250326043917.0
006 m o u
007 cr cn|||||||||
008 220525s2021 ag o 000 1 spa d
020 _a9789877711035
_q(e-book)
035 _a(OCoLC)1332518858
040 _aFINmELB
_bspa
_erda
_cFINmELB
050 1 4 _aPQ7775
_bC348 2021
080 _a821.134.2(82)-31
082 0 4 _a863
_223
100 1 _aCastellani, J. Horacio.
245 1 3 _aEl extraño recorrido de un pincel /
_cJ. Horacio Castellani.
264 1 _aRosario :
_bHomo Sapiens Ediciones,
_c2021.
300 _a1 recurso en línea (264 páginas)
336 _atexto
_btxt
_2rdamedia/spa
337 _acomputadora
_bc
_2rdamedia/spa
338 _arecurso en línea
_bcr
_2rdacarrier/spa
588 _aDescripción basada en metadatos suministrados por el editor y otras fuentes.
590 _aRecurso electrónico. Santa Fe, Arg.: elibro, 2021. Disponible vía World Wide Web. El acceso puede estar limitado para las bibliotecas afiliadas a elibro.
650 0 _aArgentine fiction.
650 4 _aLiteratura argentina.
650 4 _aNovela.
655 4 _aLibros electrónicos.
797 2 _aelibro, Corp.
856 4 0 _uhttps://elibro.net/ereader/usam/189440
999 _c155006
_d155006